LEADER 03524nam 22006375 450 001 9910918591203321 005 20250616101827.0 010 $a9783031566813 010 $a3031566815 024 7 $a10.1007/978-3-031-56681-3 035 $a(MiAaPQ)EBC31859626 035 $a(Au-PeEL)EBL31859626 035 $a(CKB)37082591100041 035 $a(OCoLC)1482267953 035 $a(DE-He213)978-3-031-56681-3 035 $a(EXLCZ)9937082591100041 100 $a20241224d2024 u| 0 101 0 $aeng 135 $aurcnu|||||||| 181 $ctxt$2rdacontent 182 $cc$2rdamedia 183 $acr$2rdacarrier 200 14$aThe Palgrave Encyclopedia of Sexuality Education 205 $a1st ed. 2024. 210 1$aCham :$cSpringer Nature Switzerland :$cImprint: Palgrave Macmillan,$d2024. 215 $a1 online resource (958 pages) 311 08$a9783031566806 311 08$a3031566807 320 $aIncludes bibliographical references. 327 $aAnti-gender Movements, RSE, and Democracy in Europe -- Care and Feminist Posthumanisms -- Consent, Gender, and Power -- Digital Relationships, Creative Methods -- Homonationalism -- Integrity in Early Childhood Education -- Intimacy: dancing as leisure -- Menstruation, feminist new materialist pedagogies -- Norm-critical pedagogy in Sweden -- Sexuality Education in Norwegian Curriculums -- Swedish State School Sex Education -- Violence Prevention and Youth -- Young Disabled LGBT+ People -- Activism in Sex Work -- African Masculinities -- Comprehensive Sexuality Education and Moral Panic -- Comprehensive Sexuality Education in sub-Saharan contexts -- Early Childhood Education -- Homophobic Violence in African Primary Schools -- In Visibility as Resistance -- Intersectional Feminism for Sexuality Education -- Partnering with civil society to advance CSE across African contexts -- Popular Participatory Theatre for Sexuality Education -- Queerphobia -- Reproductive Justice Approach to Sexuality Education in Africa -- Sex Work in Africa -- Sexuality Education: a key to reducing GBV among female students in Africa -- Ubuntu pedagogy for sexuality education. 330 $aThis Encyclopedia provides a comprehensive map of the field of sexuality education. It offers an entry point for those interested in this topic, providing a robust summary of issues and directing them to its best scholarship. Comprehensive in scope, it covers diverse global locations to highlight the significance of context when defining sexuality education. The rapid development and increase in accessibility of digital technologies, which has broadened sexuality education to include digital and media platforms, is also reflected. 606 $aEducational sociology 606 $aSex 606 $aSociology of Education 606 $aSexuality Studies 606 $aGender Studies 606 $aSexualitat$2thub 606 $aSociologia de l'educació$2thub 608 $aLlibres electrònics$2thub 615 0$aEducational sociology. 615 0$aSex. 615 14$aSociology of Education. 615 24$aSexuality Studies. 615 24$aGender Studies. 615 7$aSexualitat 615 7$aSociologia de l'educació 676 $a613.9071 700 $aAllen$b Louisa$0847856 702 $aRasmussen$b Mary Lou 801 0$bMiAaPQ 801 1$bMiAaPQ 801 2$bMiAaPQ 906 $aBOOK 912 $a9910918591203321 996 $aThe Palgrave Encyclopedia of Sexuality Education$94305494 997 $aUNINA